000 00593nam a2200181Ia 4500
008 090124s9999 xx 000 0 und d
082 _b28859
100 _aकोल्हटकर बाऴ
245 _a सोनियाचा दिवस आजि
250 _a1
260 _bमीनल प्रकाशन
_c1990
300 _a73
600 _aकोल्हटकर बाऴ
630 _a सोनियाचा दिवस आजि
700 _aकोल्हटकर बाऴ
730 _a सोनियाचा दिवस आजि
942 _cBOOK
999 _c95424
_d95424